Saunders nursing drug handbook. (Record no. 7750)

MARC details
000 -LEADER
fixed length control field 00647cas a2200229 a 4500
022 0# - INTERNATIONAL STANDARD SERIAL NUMBER
ISSN 9781416040637
050 00 - CALL NUMBER
Classification number RM125
Item number .H66
245 00 - TITLE
Title Saunders nursing drug handbook.
Statement of responsibility, etc edited by Barbara Hodgson & Reobert Kizior
260 3# - PUBLICATION INFORMATION
Place of publication St. Louis :
Name of publisher Saunders Elsevier
300 ## - DESCRIPTION
Number of Pages various pagings;
500 ## - NOTES
General note includes bibliographic reference and index
650 #0 - SUBJECTS
Topical Term Clinical pharmacology
650 #0 - SUBJECTS
Topical Term Nursing
650 #0 - SUBJECTS
Topical Term Drugs
650 #7 - SUBJECTS
Topical Term Clinical pharmacology.
650 #7 - SUBJECTS
Topical Term Drugs.
650 #7 - SUBJECTS
Topical Term Nursing.
650 12 - SUBJECTS
Topical Term Pharmaceutical Preparations.
700 1# - OTHER AUTHORS
Personal name Hodgson, Barbara B.
700 1# - OTHER AUTHORS
Personal name Kizior, Robert J.
942 ## - ADDED ENTRY ELEMENTS (KOHA)
Koha item type Books
Holdings
Withdrawn status Lost status Home library Current library Date acquired Full call number Accession Number Koha item type
    Methodist University Library Wenchi Nursing Methodist University Library Wenchi Nursing 23/09/2021 RM125 .H66 39120 Books
    Methodist University Library Wenchi Nursing Methodist University Library Wenchi Nursing 23/09/2021 RM125 .H66 39121 Books
Copyright © 2026  MUG Library